[Event "Tourn. n8227"]
[Site "www.chess-mail.com"]
[Date "2015.07.20"]
[Round "1"]
[White "Oliverio"]
[Black "Gambitchess"]
[WhiteElo "1740"]
[BlackElo "1850"]
[Result "0-1"]
[Round "1"]
1.d4 d5
2.Ng1f3 Ng8f6
3.Nb1c3 c6
4.Bc1g5 Nb8d7
5.e3 g6
6.Bf1e2 Bf8g7
7.O-O O-O
8.Qd1d2 h6
9.Bg5h4 Nd7b6
 { time }
0-1

[Event "Tourn. n8247"]
[Site "www.chess-mail.com"]
[Date "2015.07.20"]
[Round "1"]
[White "Iko"]
[Black "Ruko"]
[WhiteElo "1480"]
[BlackElo "1680"]
[Result "0-1"]
[Round "1"]
1.e4 e5
2.Ng1f3 Nb8c6
3.Bf1b5 a6
4.Bb5xc6 dxc6
5.Nf3xe5 Qd8d4
6.Qd1h5 g6
7.Qh5g5 f6
8.Ne5xc6 Qd4xe4
9.Qg5e3 Qe4xe3
10.fxe3 bxc6
11.O-O Bf8d6
12.d4 Bc8f5
13.c3 Ng8e7
14.e4 Bf5xe4
15.Rf1xf6 Ne7f5
16.Rf6e6 Kf7
17.Re6xe4 Rh8e8
18.Re4xe8 Ra8xe8
19.Nb1d2 Re8e1
20.Kf2 Re1h1
21.h3 Bd6f4
22.Nd2f1 Nf5g3
23.Nf1xg3 Rh1xc1
24.Ra1xc1 Bf4xc1
25.b3 Bc1b2
26.Ng3e2 Ke6
27.Ke1 Kd5
28.Kd1 Bb2a3
29.c4 Ke4
30.g3 Ba3b2
31.h4 Bb2xd4
32.Ne2xd4 Kxd4
33.Kd2 a5
34.a4 h5
35.b4 axb4
36.a5 Kc5
37.a6 Kb6
38.a7 Kxa7
39.Kc2 c5
40.Kb3 Kb6
41.Ka4 Kc6
42.Kb3 Kd6
43.Ka4 c6
44.Kb3 Ke5
45.Ka4 Kf5
46.Kb3 Kg4
47.Ka4 Kxg3
48.Kb3 Kxh4
49.Ka4 g5
50.Kb3 g4
51.Ka4 g3
52.Kb3 g2
53.Ka4 g1Q
54.Ka5 Qg1a1
55.Kb6 Kg5
56.Kxc6 Qa1a5
57.Kd5 Kf5
58.Kd6 Ke4
59.Ke6 Qa5b6
60.Kd7 Ke5
61.Ke8 Qb6c7
62.Kf8 Kf6
63.Ke8 Qc7e7

0-1

[Event "Tourn. n8155"]
[Site "www.chess-mail.com"]
[Date "2015.07.20"]
[Round "1"]
[White "Pgcbies"]
[Black "Karousek"]
[WhiteElo "2770"]
[BlackElo "2280"]
[Result "1-0"]
[Round "1"]
1.e4 c5
2.Ng1f3 e6
3.d4 cxd4
4.Nf3xd4 Nb8c6
5.Nb1c3 Qd8c7
6.f4 a6
7.Bf1e2 b5
8.Nd4xc6 Qc7xc6
9.Be2f3 Bc8b7
10.Bc1e3 Qc6c7
11.Qd1d4 Ra8c8
12.O-O h5
13.Qd4d3 b4
14.Nc3e2 Qc7xc2
15.Qd3xc2 Rc8xc2
16.Ra1c1 b3
17.Rc1xc2 bxc2
18.Rf1c1 Ng8f6
19.Ne2c3 Bf8b4
20.Rc1xc2 O-O
21.Nc3d1 Bb7c6
22.Nd1f2 Bb4e7
23.g3 Rf8b8
24.h3 g6
25.Kg2 Rb8b4
26.Be3d2  { time }
1-0

[Event "Tourn. n7949"]
[Site "www.chess-mail.com"]
[Date "2015.07.20"]
[Round "1"]
[White "Nimzo"]
[Black "Pgcbies"]
[WhiteElo "2660"]
[BlackElo "2800"]
[Result "1/2-1/2"]
[Round "1"]
1.d4 d5
2.c4 e6
3.Nb1c3 Ng8f6
4.cxd5 exd5
5.Bc1g5 c6
6.Qd1c2 Bf8e7
7.e3 Nb8d7
8.Bf1d3 Nd7f8
9.Ng1f3 Nf8e6
10.Bg5h4 g6
11.O-O O-O
12.Ra1b1 Ne6g7
13.b4 a6
14.a4 Bc8f5
15.b5 Bf5xd3
16.Qc2xd3 Ng7f5
17.Bh4xf6 Be7xf6
18.bxc6 bxc6
19.Rf1c1 Nf5d6
20.Nc3a2 Qd8c7
21.Na2b4 Nd6c4
22.Rc1xc4 dxc4
23.Qd3xc4 Rf8c8
24.Rb1c1 Qc7d6
25.Nb4xc6 Ra8b8
26.g3 Kg7
27.Kg2 Qd6a3
28.Rc1c2 Qa3b3
29.e4 Rb8b4
30.Qc4xb3 Rb4xb3
31.d5 Rb3d3
32.e5 Bf6d8
33.d6 Rd3d5
34.Nf3d4 Bd8b6
35.Nd4e2 Kf8
36.Ne2f4 Rd5d1
37.Kf3 Ke8
38.Ke2 Rd1a1
39.Nf4d5 Bb6d8
40.Nd5b4 Kd7
41.Nb4xa6 Ra1b1
42.Na6b4 Rb1a1
43.Nc6xd8 Kxd8
44.Rc2xc8 Kxc8
45.Nb4d5 Ra1a3
46.Kd2 h5
47.Nd5c3 Kd7
48.f4 Ra3b3
49.h4 Kc6
50.Kd3 Rb3b4
51.Kc2 Kc5
52.Kd2 Kc6
53.Kd3 Rb4b8
54.Kc4 Rb8a8
55.Kb4 Ra8b8
56.Nc3b5 Kd7
57.Kc4 Rb8a8
58.Kb3 { draw }
1/2-1/2

[Event "Tourn. n8148"]
[Site "www.chess-mail.com"]
[Date "2015.07.20"]
[Round "1"]
[White "Powerchess"]
[Black "Anja"]
[WhiteElo "1430"]
[BlackElo "1680"]
[Result "0-1"]
[Round "1"]
1.d4 f5
2.h3 Ng8f6
3.g4 fxg4
4.hxg4 Nf6xg4
5.Qd1d3 d6
6.Rh1xh7 Rh8xh7
7.Qd3g6 Kd7
8.Qg6xh7 e6
9.Qh7g6 Ng4f6
10.Qg6f7 Qd8e7
11.Qf7xe7 Bf8xe7
12.Ng1f3 b6
13.c3 Bc8b7
14.Bf1g2 Nb8c6
15.Kf1 Ra8h8
16.Bc1g5 Nf6d5
17.Bg5xe7 Nc6xe7
18.Nb1d2 Nd5f4
19.e3 Nf4xg2
20.Kxg2 g5
21.e4 g4
22.Nf3e1 Ne7g6
23.Ne1d3 Bb7a6
 { time }
0-1

[Event "Tourn. n8140"]
[Site "www.chess-mail.com"]
[Date "2015.07.20"]
[Round "1"]
[White "Falcoale"]
[Black "Jjmcbride"]
[WhiteElo "2000"]
[BlackElo "1830"]
[Result "1-0"]
[Round "1"]
1.e4 e5
2.Ng1f3 f6
3.Bf1c4 Ng8e7
4.d4 d5
5.exd5 c6
6.dxc6 Ne7xc6
7.O-O Qd8d6
8.dxe5 Nc6xe5
9.Nf3xe5 fxe5
10.Bc4d3 Nb8c6
11.Rf1e1 Qd6f6
12.Nb1c3 Bf8b4
13.Nc3d5 Qf6d6
14.Nd5c3 O-O
15.Bd3xh7 Kxh7
16.Qd1xd6 Bb4xd6
17.Bc1e3 Nc6b4
18.Ra1c1 Bc8e6
19.a3 Nb4a2
20.Nc3xa2 Be6xa2
21.b3 Ra8c8
22.a4 Bd6b4
23.Re1d1 Bb4a3
24.Rc1a1 Rc8xc2
25.h3 Ba3b4
26.Be3xa7 Ba2xb3
27.a5 Rc2e2
28.Rd1d7 Re2a2
29.Ra1xa2 Bb3xa2
30.Ba7b6 Rf8a8
{ time. }
1-0

[Event "Tourn. n8156"]
[Site "www.chess-mail.com"]
[Date "2015.07.20"]
[Round "1"]
[White "Libiesse"]
[Black "Colchester"]
[WhiteElo "1980"]
[BlackElo "1940"]
[Result "1/2-1/2"]
[Round "1"]
1.d4 d5
2.c4 e6
3.Ng1f3 dxc4
4.Nb1c3 c6
5.a3 b5
6.a4 Bf8b4
7.Bc1d2 Ng8f6
8.axb5 Bb4xc3
9.bxc3 cxb5
10.Bd2g5 Bc8b7
11.e3 a6
12.Bf1e2 Nb8d7
13.O-O Qd8b6
14.Qd1b1 Qb6c7
15.Qb1b4 Nf6d5
16.Qb4b2 O-O
17.Rf1d1 Nd7f6
18.Bg5xf6 Nd5xf6
19.Ra1b1 Bb7e4
20.Rb1a1 h6
21.Nf3d2 Be4c6
22.Be2f3 Bc6xf3
23.Nd2xf3 Rf8d8
24.h3 Qc7b7
{ draw }
1/2-1/2

[Event "Tourn. n8033"]
[Site "www.chess-mail.com"]
[Date "2015.07.20"]
[Round "1"]
[White "Samael"]
[Black "Blackpool"]
[WhiteElo "2090"]
[BlackElo "1910"]
[Result "1-0"]
[Round "1"]
1.d4 Ng8f6
2.Ng1f3 g6
3.e3 Bf8g7
4.Bf1e2 d6
5.Nb1c3 O-O
6.O-O Nb8d7
7.h3 c5
8.Bc1d2 cxd4
9.exd4 a6
10.a3 e5
11.dxe5 dxe5
12.Rf1e1 Qd8c7
13.Be2d3 Rf8e8
14.Ra1b1 b5
15.Nc3e4 Nf6xe4
16.Bd3xe4 Bc8b7
17.Be4xb7 Qc7xb7
18.c3 h6
19.Qd1c1 Kh7
20.Nf3h2 Nd7c5
21.Qc1c2 e4
22.Bd2e3 Nc5d3
23.Re1e2 f5
24.Nh2f1 Ra8d8
25.Rb1d1 f4
26.Be3c1 Qb7d5
27.Bc1xf4 Qd5f5
28.Bf4e3 Rd8d5
29.Nf1g3 Qf5e6
30.Be3d2 Rd5e5
31.Ng3f1 Qe6c6
32.Bd2e3 Re5d5
33.f3 exf3
34.gxf3 Nd3e5
35.Nf1d2 Qc6f6
36.f4 Ne5d3
37.Nd2f3 Re8d8
38.Be3d4 Nd3xf4
39.Re2h2 Qf6f5
40.Qc2xf5 Rd5xf5
41.Rd1f1 Bg7xd4
42.Nf3xd4 Rf5f7
43.Kh1 g5
44.h4 Kg6
45.hxg5 hxg5
46.Rf1e1 Rd8d7
47.Re1e3  { time }
1-0

[Event "Tourn. n8198"]
[Site "www.chess-mail.com"]
[Date "2015.07.20"]
[Round "1"]
[White "Hansen"]
[Black "Tomcapp"]
[WhiteElo "1400"]
[BlackElo "1500"]
[Result "1-0"]
[Round "1"]
1.d4 d5
2.h3 e5
3.dxe5 Bc8e6
4.Ng1f3 Bf8c5
5.e3 Nb8c6
6.e4 dxe4
7.Nf3g5 Ng8h6
8.Ng5xe4 Qd8xd1
9.Kxd1 Nc6d4
10.Ne4xc5 O-O
11.g4 b6
12.Nc5e4 c5
13.Bf1g2 a5
14.g5 Nh6f5
15.c3 Nd4c6
16.Ne4d6 Nf5xd6
17.exd6 b5
18.Bg2xc6 b4
19.Bc6xa8 Rf8xa8
20.Nb1d2 bxc3
21.bxc3 c4
22.Nd2e4 a4
23.Ra1b1 g6
24.Ne4f6 Kf8
25.Rh1e1 Be6f5
26.Rb1b7 Ra8d8
27.Bc1a3 Bf5d7
28.Re1e7 Kg7
29.Re7xd7 Rd8xd7
30.Rb7xd7 h6
31.Rd7e7 hxg5
32.Re7e6 g4
33.Nf6e8 Kh6
34.d7 gxh3
35.d8Q { resign }
1-0

[Event "Tourn. n8188"]
[Site "www.chess-mail.com"]
[Date "2015.07.20"]
[Round "1"]
[White "Hali"]
[Black "Colchester"]
[WhiteElo "2190"]
[BlackElo "2000"]
[Result "1-0"]
[Round "1"]
1.e4 c6
2.d4 d5
3.exd5 cxd5
4.c4 Ng8f6
5.Nb1c3 Nb8c6
6.Ng1f3 dxc4
7.Bf1xc4 e6
8.O-O Bf8e7
9.Rf1e1 O-O
10.Bc4b3 b6
11.Bc1f4 Bc8b7
12.Bb3c2 Nc6b4
13.Bc2b3 Bb7xf3
14.Qd1xf3 Qd8xd4
15.a3 Nb4d5
16.Nc3xd5 Nf6xd5
17.Bb3xd5 { resign }
1-0

[Event "Tourn. n8188"]
[Site "www.chess-mail.com"]
[Date "2015.07.20"]
[Round "1"]
[White "Syd"]
[Black "Colchester"]
[WhiteElo "2180"]
[BlackElo "2000"]
[Result "0-1"]
[Round "1"]
1.e4 c5
2.Nb1c3 a6
3.f4 Nb8c6
4.Ng1f3 b5
5.d3 e6
6.g3 Bc8b7
7.Bf1g2 d6
8.O-O b4
9.Nc3e2 Ng8f6
10.h3 Bf8e7
 { time }
0-1

[Event "Tourn. n8031"]
[Site "www.chess-mail.com"]
[Date "2015.07.20"]
[Round "1"]
[White "Falcoale"]
[Black "Samael"]
[WhiteElo "1870"]
[BlackElo "2090"]
[Result "1-0"]
[Round "1"]
1.e4 e5
2.Ng1f3 d6
3.Nb1c3 Ng8f6
4.Bf1c4 h6
5.d4 exd4
6.Nf3xd4 Bf8e7
7.O-O O-O
8.Rf1e1 Rf8e8
9.Bc4d3 Bc8d7
10.Nd4f5 Bd7xf5
11.exf5 Nb8d7
12.b3 a6
13.Bc1e3 Nd7e5
14.Bd3e2 c6
15.Be2f3 Ne5xf3
16.Qd1xf3 d5
17.Ra1d1 Qd8c7
18.h3 Be7b4
19.Be3d4 Bb4xc3
20.Qf3xc3 Nf6e4
21.Qc3f3 f6
22.Qf3g4 Qc7f7
23.f3 Ne4g5
24.h4 Ng5h7
25.Bd4e3 Kh8
26.Be3d4 Re8xe1
27.Rd1xe1 Ra8e8
28.Re1xe8 Qf7xe8
29.Kf2 Nh7f8
30.Qg4f4 Qe8e7
31.Bd4b2 Kh7
32.g4 Qe7c5
33.Bb2d4 Qc5xc2
34.Kg3 c5
35.Bd4e3 d4
36.Be3d2 Qc2xa2
37.g5 fxg5
38.hxg5 hxg5
39.Qf4xg5 Qa2xb3
40.f6 Qb3f7
41.Qg5h4 Kg8
42.fxg7 Qf7xg7
43.Kf2 b6
44.Qh4d8 Qg7g6
45.Qd8c8 a5
46.Qc8b7 Qg6e6
47.Qb7b8 a4
48.Qb8g3 Kf7
49.Qg3c7 Nf8d7
50.Qc7f4 Qe6f6
51.Qf4c7 Ke7
52.Qc7g3 Qf6e6
53.Qg3g7 Qe6f7
54.Bd2g5 Ke8
55.Qg7h8 Nd7f8
56.Qh8e5 Qf7e6
57.Qe5b8  { time }
1-0

[Event "Tourn. n8271"]
[Site "www.chess-mail.com"]
[Date "2015.07.20"]
[Round "1"]
[White "Nimzo"]
[Black "Szustan"]
[WhiteElo "2720"]
[BlackElo "2620"]
[Result "1/2-1/2"]
[Round "1"]
1.d4 d5
2.c4 dxc4
3.e3 e6
4.Bf1xc4 c5
5.Ng1f3 Ng8f6
6.O-O Bf8e7
7.dxc5 O-O
8.b4 a5
9.b5 Be7xc5
10.Nb1c3 Nb8d7
11.Nc3a4 b6
12.Na4xc5 Nd7xc5
13.Qd1xd8 Rf8xd8
14.Bc1a3 Bc8b7
15.Ba3xc5 bxc5
16.Nf3e5 Nf6d7
17.Ne5xd7 Rd8xd7
18.f3 { draw }
1/2-1/2

[Event "Tourn. n8227"]
[Site "www.chess-mail.com"]
[Date "2015.07.20"]
[Round "1"]
[White "Oliverio"]
[Black "Crull"]
[WhiteElo "1740"]
[BlackElo "1830"]
[Result "1-0"]
[Round "1"]
1.d4 Ng8f6
2.Ng1f3 g6
3.c4 d5
4.Nb1c3 c6
5.Bc1g5 Bf8g7
6.e3 O-O
7.Ra1c1 Qd8a5
{ time. }
1-0

[Event "Tourn. n8191"]
[Site "www.chess-mail.com"]
[Date "2015.07.20"]
[Round "1"]
[White "Truquine"]
[Black "Albertf"]
[WhiteElo "1760"]
[BlackElo "1710"]
[Result "1-0"]
[Round "1"]
1.d4 d5
2.c4 Ng8f6
3.Nb1c3 g6
4.cxd5 Nf6xd5
5.e4 Nd5xc3
6.bxc3 Bf8g7
7.Ng1f3 Bc8g4
8.Ra1b1 b6
9.Bc1e3 O-O
10.Bf1e2 Bg4xf3
11.Be2xf3 c6
12.O-O e6
13.Rf1e1 Nb8d7
14.e5 Ra8c8
15.Qd1a4 Qd8c7
16.Qa4a3 f6
17.exf6 Nd7xf6
18.c4 Nf6d7
19.Qa3e7 Rc8e8
20.Qe7h4 Qc7d8
21.Qh4xd8 Re8xd8
22.Bf3xc6 Nd7b8
23.Bc6b5 Bg7xd4
24.Be3xd4 Rd8xd4
25.Re1xe6 Rf8d8
26.Kf1 a6
27.Re6e8 Rd8xe8
28.Bb5xe8 Rd4d8
29.Be8a4 Rd8d4
30.Rb1xb6 { resign }
1-0

[Event "Tourn. n8189"]
[Site "www.chess-mail.com"]
[Date "2015.07.20"]
[Round "1"]
[White "Panham"]
[Black "Colchester"]
[WhiteElo "2000"]
[BlackElo "1970"]
[Result "1-0"]
[Round "1"]
1.d4 d5
2.c4 e6
3.Nb1c3 Ng8f6
4.cxd5 exd5
5.Bc1g5 c6
6.e3 Bc8f5
7.Qd1b3 Qd8b6
8.Qb3xb6 axb6
9.Bg5xf6 gxf6
10.Ng1f3 b5
11.Bf1e2 Bf8b4
12.a3 Bb4d6
13.h3 Nb8d7
14.Nf3h4 Bf5g6
15.Nh4xg6 hxg6
16.O-O O-O
17.Rf1e1 f5
18.e4 fxe4
19.f3 exf3
20.Be2xf3 Rf8e8
21.Nc3e2 Ra8a7
22.Ra1d1 Nd7f6
23.Ne2c1 Ra7a8
24.Kf2 Re8xe1
{ time. }
1-0

[Event "Tourn. n8209"]
[Site "www.chess-mail.com"]
[Date "2015.07.20"]
[Round "1"]
[White "Falcoale"]
[Black "Chesspower"]
[WhiteElo "1840"]
[BlackElo "1690"]
[Result "1-0"]
[Round "1"]
1.e4 c5
2.Ng1f3 d6
3.Bf1c4 e6
4.d4 cxd4
5.Nf3xd4 Ng8f6
6.Nb1c3 a6
7.O-O Bf8e7
8.f4 Nb8c6
9.Bc1e3 Bc8d7
10.a3 Nc6xd4
11.Be3xd4 O-O
12.e5  { time }
1-0

[Event "Tourn. n8211"]
[Site "www.chess-mail.com"]
[Date "2015.07.20"]
[Round "1"]
[White "Swampcat"]
[Black "Azulmarino"]
[WhiteElo "1600"]
[BlackElo "1550"]
[Result "0-1"]
[Round "1"]
1.e4 e5
2.Ng1f3 Nb8c6
3.Bf1c4 h6
4.c3 Bf8c5
5.d4 exd4
6.cxd4 Bc5b4
7.Bc1d2 Ng8f6
8.e5 Nf6e4
9.Bd2xb4 Nc6xb4
10.Qd1b3 Nb4c6
11.Bc4xf7 Kf8
12.Nb1c3 Ne4g5
13.Nc3e2 Ng5xf7
{ resign }
0-1

[Event "Tourn. n8211"]
[Site "www.chess-mail.com"]
[Date "2015.07.20"]
[Round "1"]
[White "Swampcat"]
[Black "Merimee"]
[WhiteElo "1600"]
[BlackElo "1530"]
[Result "0-1"]
[Round "1"]
1.e4 e5
2.Ng1f3 Nb8c6
3.Bf1c4 Bf8c5
4.c3 Ng8f6
5.d4 exd4
6.cxd4 Bc5b4
7.Bc1d2 Nf6xe4
8.Bd2xb4 Nc6xb4
9.Nb1c3 Qd8e7
10.Nc3xe4 Qe7xe4
11.Qd1e2 Nb4c2
12.Kd1 Qe4xe2
13.Bc4xe2 Nc2xa1
14.Be2d3 O-O
15.Kd2 Na1b3
16.axb3 d6
17.Rh1e1 Bc8e6
18.Bd3c4 d5
19.Bc4d3 g6
20.Nf3e5 Rf8c8
 { time }
0-1

[Event "Tourn. n8211"]
[Site "www.chess-mail.com"]
[Date "2015.07.20"]
[Round "1"]
[White "Neo"]
[Black "Swampcat"]
[WhiteElo "1700"]
[BlackElo "1600"]
[Result "1-0"]
[Round "1"]
1.d4 d5
2.e3 a6
3.c3 Ng8f6
4.Ng1f3 Nb8c6
5.g3 e5
6.Nf3xe5 Nc6xe5
7.dxe5 Nf6e4
8.Bf1g2 Bf8e7
9.O-O O-O
10.Qd1d4 c5
11.Qd4a4 b5
12.Qa4c2 c4
13.a3 Bc8f5
14.Qc2e2 Be7c5
15.Nb1d2  { time }
1-0

[Event "Tourn. n8237"]
[Site "www.chess-mail.com"]
[Date "2015.07.20"]
[Round "1"]
[White "Redabond"]
[Black "Passaroa25"]
[WhiteElo "1499"]
[BlackElo "1540"]
[Result "1-0"]
[Round "1"]
1.e4 c6
2.Bf1c4 e6
3.Ng1f3 d6
4.O-O h6
5.d4 Nb8d7
6.Bc1f4 Nd7b6
7.Bc4b3 Ng8e7
8.e5 Nb6d5
9.Bb3xd5 Ne7xd5
10.Bf4e3 Bf8e7
11.exd6 Be7xd6
12.c3 Bc8d7
13.c4 Nd5f4
14.c5 Nf4d5
15.cxd6 Nd5xe3
16.fxe3 Qd8a5
17.Nf3e5 Qa5d5
18.Nb1c3 Qd5xd6
19.Ne5xf7 Rh8f8
20.Nf7xd6 Kd8
21.Rf1xf8 Kc7
22.Rf8xa8 Kxd6
23.Ra8xa7 Kc7
24.Qd1g4 Kb6
25.Qg4xg7 Kxa7
26.Qg7xd7 { resign }
1-0

[Event "Tourn. n8201"]
[Site "www.chess-mail.com"]
[Date "2015.07.20"]
[Round "1"]
[White "Samael"]
[Black "Fred"]
[WhiteElo "2080"]
[BlackElo "1930"]
[Result "0-1"]
[Round "1"]
1.c4 e5
2.d3 Bf8c5
3.Ng1f3 d6
4.Nb1c3 c6
5.e3 Bc8g4
6.Bf1e2 Ng8f6
7.h3 Bg4e6
8.Nf3h2 Nb8d7
9.O-O O-O
10.a3 h6
11.Nh2g4 Nf6xg4
12.Be2xg4 f5
13.Bg4e2 Nd7f6
14.b4 Bc5b6
15.Bc1b2 d5
16.c5 Bb6c7
17.d4 e4
18.f4 Be6f7
19.Rf1e1 Qd8e8
20.Kh1 Bf7h5
21.Re1g1 Ra8d8
22.g4 fxg4
23.hxg4 Bh5f7
24.Kg2 b6
25.Kf2 Nf6h7
26.Ke1 bxc5
27.bxc5 Bc7a5
28.Qd1a4 Ba5xc3
29.Bb2xc3 Qe8d7
30.Ra1b1 Bf7e6
31.Kd2 Nh7f6
32.Qa4d1 Rd8b8
33.Rb1b4 Rb8xb4
 { time }
0-1

[Event "Tourn. n8157"]
[Site "www.chess-mail.com"]
[Date "2015.07.20"]
[Round "1"]
[White "Cardiff"]
[Black "Karousek"]
[WhiteElo "2030"]
[BlackElo "2280"]
[Result "0-1"]
[Round "1"]
1.d4 Ng8f6
2.c4 g6
3.b3 Bf8g7
4.Bc1b2 O-O
5.Ng1f3 c5
6.e3 d6
7.dxc5 Qd8a5
8.Bb2c3 Qa5xc5
9.Bf1e2 Nb8c6
10.O-O Bc8d7
11.Nb1d2 a5
12.Nf3d4 e5
13.Nd4xc6 Bd7xc6
14.Be2f3 e4
15.Bf3e2 Rf8e8
16.Qd1c2 Qc5g5
17.Ra1c1 Ra8c8
 { time }
0-1

[Event "Tourn. n8157"]
[Site "www.chess-mail.com"]
[Date "2015.07.20"]
[Round "1"]
[White "Karousek"]
[Black "Comrade"]
[WhiteElo "2280"]
[BlackElo "2130"]
[Result "1-0"]
[Round "1"]
1.Ng1f3 c5
2.c4 Nb8c6
3.d4 cxd4
4.Nf3xd4 Ng8f6
5.Nb1c3 e6
6.g3 d6
7.Bf1g2 Bf8e7
8.Nd4xc6 Qd8c7
9.Nc6xe7 Qc7xe7
10.O-O O-O
11.Bc1g5 Rf8d8
12.Nc3e4 e5
13.Qd1c1 Bc8d7
14.Bg5xf6 gxf6
15.Qc1h6 Bd7f5
16.Ne4xf6 Kh8
17.e4 Bf5g6
18.Nf6d5 Qe7f8
19.Qh6g5 Rd8d7
20.h4 h6
21.Qg5f6 Qf8g7
22.Qf6xg7 Kxg7
23.Bg2h3 Rd7d8
24.f3 f6
25.Ra1d1 Bg6f7
26.Rf1f2 a5
27.b3 Bf7xd5
28.cxd5 { resign }
1-0

[Event "Tourn. n8225"]
[Site "www.chess-mail.com"]
[Date "2015.07.20"]
[Round "1"]
[White "Nimzo"]
[Black "Sonivano"]
[WhiteElo "2720"]
[BlackElo "2320"]
[Result "1-0"]
[Round "1"]
1.d4 Ng8f6
2.c4 e6
3.g3 d5
4.Ng1f3 Bf8e7
5.Bf1g2 O-O
6.O-O c6
7.Qd1c2 Nb8d7
8.Nb1d2 b5
9.c5 a5
10.Rf1e1 e5
11.Nf3xe5 Nd7xe5
12.dxe5 Nf6d7
13.Nd2f3 Be7xc5
14.Nf3g5 g6
15.e4 Bc8b7
16.exd5 cxd5
17.e6 fxe6
18.Ng5xe6 Rf8xf2
19.Qc2xc5 Rf2xg2
20.Kxg2 Nd7xc5
21.Ne6xd8 Ra8xd8
22.Re1e7 d4
23.Kg1 d3
24.Bc1d2 b4
25.Ra1c1 Nc5e4
26.Rc1c7 Bb7a8
27.Re7g7 { resign }
1-0

[Event "Tourn. n8210"]
[Site "www.chess-mail.com"]
[Date "2015.07.20"]
[Round "1"]
[White "Groz"]
[Black "Faerieking"]
[WhiteElo "2000"]
[BlackElo "2160"]
[Result "0-1"]
[Round "1"]
1.f4 e5
2.d3 Nb8c6
3.g3 d5
4.Bf1g2 Bf8c5
5.fxe5 f6
6.exf6 Qd8xf6
7.Ng1f3 Ng8e7
8.c3 O-O
9.d4 Bc5d6
10.O-O { time. }
0-1

[Event "Tourn. n8223"]
[Site "www.chess-mail.com"]
[Date "2015.07.20"]
[Round "1"]
[White "Xkafi"]
[Black "Jpjohnston"]
[WhiteElo "1950"]
[BlackElo "1900"]
[Result "1/2-1/2"]
[Round "1"]
1.e4 e5
2.Bf1c4 Ng8f6
3.d3 d5
4.exd5 Nf6xd5
5.Qd1h5 Nb8c6
6.f4 g6
7.Qh5e2 Bf8g7
8.fxe5 O-O
9.Ng1f3 Nc6xe5
10.Nf3xe5 Bg7xe5
11.O-O Be5d4
12.Kh1 Bc8e6
13.c3 Bd4g7
14.Nb1d2 c6
15.Nd2f3 Qd8d6
16.Bc1g5 Be6g4
17.Qe2d2 Rf8e8
18.Ra1e1 Re8xe1
19.Nf3xe1 b5
20.Bc4b3 Ra8e8
21.Qd2f2 Qd6d7
22.c4 bxc4
23.dxc4 Bg4e2
24.Rf1g1 Nd5c7
25.Ne1f3 Be2xf3
26.gxf3 Bg7d4
27.Qf2d2 c5
28.Rg1d1 Qd7f5
29.Bg5f4 Nc7e6
30.Bf4h6 Qf5xf3
31.Qd2g2 Qf3xg2
32.Kxg2 g5
33.Kf3 Bd4xb2
34.Rd1d7 Bb2c1
35.Kg4 a5
36.Bb3a4 Re8b8
37.h4 Rb8b2
38.Ba4b3 Rb2g2
39.Kf3 Rg2h2
40.hxg5 Bc1xg5
41.Bh6xg5 Ne6xg5
42.Kg3 Rh2b2
43.Kf4 Ng5e6
44.Ke5 a4
45.Bb3xa4 Rb2xa2
46.Ba4c6 Ra2e2
47.Kf6 Re2f2
48.Ke5 Kg7
49.Bc6d5 Rf2e2
50.Kd6 Re2d2
51.Kc6 Rd2a2
52.Kb5 Ra2b2
53.Ka4 Kg6
54.Rd7d6 Kf5
55.Rd6d7 Kf6
56.Ka3 Rb2b4
57.Rd7a7 h5
58.Ra7a8 Ne6f4
59.Ra8a6 Nf4e6
60.Ra6c6 Rb4b8
61.Ka4 h4
62.Bd5g2 Rb8g8
63.Bg2h3 Rg8g3
64.Bh3xe6 fxe6
65.Rc6xc5 e5
66.Rc5c8 Kf5
67.Rc8f8 Ke4
68.c5 Kd5
69.Kb4 h3
70.Rf8h8 e4
71.Rh8h5 Kd4
72.c6 Rg3c3
73.Kb5 Rc3b3
74.Ka6 Rb3c3
75.Kb7 e3
76.Rh5xh3 e2
77.Rh3xc3 e1Q
78.c7 Qe1xc3
79.c8Q Qc3xc8
80.Kxc8 { draw }
1/2-1/2

[Event "Tourn. n8223"]
[Site "www.chess-mail.com"]
[Date "2015.07.20"]
[Round "1"]
[White "Churrasca"]
[Black "Jpjohnston"]
[WhiteElo "2100"]
[BlackElo "1900"]
[Result "1-0"]
[Round "1"]
1.e4 e5
2.Ng1f3 Nb8c6
3.Bf1b5 Ng8e7
4.O-O a6
5.Bb5a4 b5
6.Ba4b3 Ne7g6
7.c3 Bf8c5
8.d4 Bc5b6
9.Nf3g5 O-O
10.Qd1h5 h6
11.Ng5xf7 Rf8xf7
12.Qh5xg6 Qd8f6
13.Bb3xf7 Qf6xf7
14.Qg6xf7 Kxf7
15.d5 Nc6e7
16.Nb1d2 d6
17.Nd2f3 Bc8g4
18.Bc1e3 Bg4xf3
19.gxf3 Bb6xe3
20.fxe3 g5
21.a4 Ra8b8
22.axb5 axb5
23.Ra1a7 Kf6
24.Ra7xc7 Rb8c8
25.Rc7xc8 Ne7xc8
26.Rf1a1 Nc8b6
27.Ra1a6 Nb6c4
28.b3 Nc4xe3
29.Ra6xd6 Kg7
30.Rd6b6 Ne3d1
31.c4 bxc4
32.bxc4 Nd1e3
33.c5 Ne3c4
34.Rb6b7 Kg6
35.c6 Kf6
36.c7 Nc4d6
37.Rb7b8 Ke7
38.c8Q Nd6xc8
39.Rb8xc8 { resign }
1-0

[Event "Tourn. n8145"]
[Site "www.chess-mail.com"]
[Date "2015.07.20"]
[Round "1"]
[White "Falcoale"]
[Black "Liencam2"]
[WhiteElo "1990"]
[BlackElo "2280"]
[Result "0-1"]
[Round "1"]
1.e4 c5
2.Ng1f3 e6
3.d4 cxd4
4.Nf3xd4 a6
5.Bf1d3 Bf8c5
6.Nd4f3 Nb8c6
7.Nb1c3 b5
8.O-O Qd8c7
9.Rf1e1 Ng8f6
10.h3 d6
11.Bc1f4 Qc7b6
12.Re1f1 h6
13.e5 dxe5
14.Nf3xe5 Bc8b7
15.a3 O-O
16.Qd1e1 Nc6xe5
17.Bf4xe5 Qb6c6
18.Nc3e4 Nf6xe4
19.Bd3xe4 Qc6xe4
20.Qe1xe4 Bb7xe4
21.c3 Rf8d8
22.Kh1 Rd8d2
23.f3 Be4g6
24.b4 Bc5e7
25.Rf1d1 Ra8d8
26.Rd1xd2 Rd8xd2
27.a4 Be7d6
28.Be5xd6 Rd2xd6
29.axb5 axb5
30.Ra1a5 Bg6d3
31.Kg1 Bd3c4
32.Kf2 Rd6d3
33.Ra5a3 Rd3d2
34.Kg3 Rd2a2
35.Ra3xa2 Bc4xa2
36.Kf4 f6
37.Ke4 Ba2c4
38.g3 Kf7
39.f4 Ke7
40.h4 h5
41.Kd4 Kd6
42.Ke3 Kd5
43.Kf3 Bc4b3
{ resign }
0-1

[Event "Tourn. n8142"]
[Site "www.chess-mail.com"]
[Date "2015.07.20"]
[Round "1"]
[White "Difficult"]
[Black "Ffdd65"]
[WhiteElo "2040"]
[BlackElo "2160"]
[Result "0-1"]
[Round "1"]
1.d4 d5
2.c4 c6
3.cxd5 cxd5
4.Nb1c3 Ng8f6
5.Ng1f3 e6
6.g3 Bf8d6
7.Bf1g2 O-O
8.O-O h6
9.Nc3b5 Nb8c6
10.Nb5xd6 Qd8xd6
11.a3 b6
12.b4 Bc8a6
13.Rf1e1 Nf6e4
14.Bc1b2 f5
15.Nf3e5 Rf8f6
16.Ra1c1 Ba6b7
17.Ne5xc6 Bb7xc6
18.f3 Ne4xg3
19.hxg3 Qd6xg3
20.Re1f1 Rf6g6
21.Rf1f2 Bc6b5
22.Qd1d2 Bb5c4
23.Qd2e3 h5
24.Qe3e5 h4
25.Qe5xg3 Rg6xg3
26.Kf1 Kf7
 { time }
0-1

[Event "Tourn. n8223"]
[Site "www.chess-mail.com"]
[Date "2015.07.20"]
[Round "1"]
[White "Jpjohnston"]
[Black "Amaya"]
[WhiteElo "1900"]
[BlackElo "1990"]
[Result "1-0"]
[Round "1"]
1.g3 e5
2.Bf1g2 d5
3.d3 Ng8f6
4.Bc1g5 Bf8e7
5.Ng1f3 Nb8c6
6.O-O O-O
7.Bg5xf6 Be7xf6
8.Nb1c3 h6
9.e4 d4
10.Nc3d5 Bc8g4
11.h3 Bg4h5
12.g4 Bh5g6
13.Qd1d2 Qd8d6
14.a3 Nc6e7
15.Nd5xf6 Qd6xf6
16.g5 hxg5
17.Nf3xg5 Kh8
18.Ra1e1 Ne7g8
19.c3 c5
20.f4 exf4
21.Qd2xf4 Qf6xf4
22.Rf1xf4 Ng8f6
23.Rf4h4 Kg8
24.cxd4 cxd4
25.e5 Nf6d7
26.Rh4xd4 Nd7c5
27.Bg2e4 Nc5xe4
28.Ng5xe4 Bg6xe4
29.Rd4xe4 Ra8d8
30.d4 Rd8d5
31.Re1c1 Rf8d8
32.Rc1d1 Kf8
33.Re4h4 g6
34.Rh4h8 Ke7
35.Rh8xd8 Kxd8
36.Kf2 Ke7
37.Ke3 Ke6
38.Rd1f1 a6
39.Ke4 Rd5b5
40.d5 Ke7
41.d6 Ke8
42.b4 a5
43.Rf1b1 Kd7
44.Rb1c1 axb4
45.Rc1c7 Kd8
46.axb4 Rb5xb4
47.Kd5 Rb4b3
48.Rc7xf7 Rb3xh3
49.Rf7f8 Kd7
50.e6 { resign }
1-0

[Event "Tourn. n8232"]
[Site "www.chess-mail.com"]
[Date "2015.07.20"]
[Round "1"]
[White "Difficult"]
[Black "Chiccogianca"]
[WhiteElo "2070"]
[BlackElo "2010"]
[Result "0-1"]
[Round "1"]
1.d4 b6
2.c4 Bc8b7
3.Nb1c3 g6
4.e4 e6
5.Ng1f3 Bf8g7
6.Bc1e3 d6
7.Bf1d3 Ng8e7
8.O-O Nb8d7
 { time }
0-1

[Event "Tourn. n8197"]
[Site "www.chess-mail.com"]
[Date "2015.07.20"]
[Round "1"]
[White "Colchester"]
[Black "Bobjones"]
[WhiteElo "2010"]
[BlackElo "2220"]
[Result "0-1"]
[Round "1"]
1.d4 Ng8f6
2.c4 e6
3.g3 d5
4.Bf1g2 Bf8e7
5.Nb1c3 O-O
6.cxd5 exd5
7.Ng1f3 c5
8.O-O Nb8c6
9.dxc5 Be7xc5
10.Bc1g5 Bc5e7
11.Nf3d4 h6
12.Bg5xf6 Be7xf6
13.e3 Nc6xd4
14.exd4 Bc8e6
15.Rf1e1 Qd8a5
16.a3 Rf8d8
17.b4 { time. }
0-1

[Event "Tourn. n8230"]
[Site "www.chess-mail.com"]
[Date "2015.07.20"]
[Round "1"]
[White "Oliverio"]
[Black "Swampcat"]
[WhiteElo "1760"]
[BlackElo "1620"]
[Result "0-1"]
[Round "1"]
1.c4 d5
2.cxd5 Qd8xd5
3.Nb1c3 Qd5a5
4.Ng1f3 e5
5.g3 Nb8c6
6.Bf1g2 Ng8f6
7.O-O Bf8c5
8.d3 Nf6g4
9.Bc1d2 Qa5b6
10.Nc3e4 Bc5b4
 { time }
0-1

[Event "Tourn. n8205"]
[Site "www.chess-mail.com"]
[Date "2015.07.20"]
[Round "1"]
[White "Squimichele"]
[Black "Krystek23"]
[WhiteElo "2460"]
[BlackElo "2370"]
[Result "1-0"]
[Round "1"]
1.d4 Ng8f6
2.Ng1f3 d5
3.Bc1g5 Nf6e4
4.Bg5h4 Bc8g4
5.Nb1d2 Bg4xf3
6.gxf3 Ne4xd2
7.Qd1xd2 Qd8d6
8.e4 Nb8d7
9.Bh4g3 Qd6e6
10.O-O-O c6
11.Kb1 Nd7f6
12.Bf1d3 g6
13.Rh1e1 O-O-O
14.Qd2a5 Kd7
15.c4 Ke8
16.cxd5 Nf6d7
17.dxe6 fxe6
18.Qa5xa7 Bf8h6
19.d5 cxd5
20.exd5 Rh8f8
21.dxe6 Rf8f4
22.Bg3xf4 Bh6xf4
23.exd7 Kf8
24.Qa7xb7 Kg7
25.Re1xe7 Kh6
26.Qb7e4 { resign }
1-0